000 00766nam a22002417a 4500
001 6772
003 FISKH
005 20250527112935.0
008 250527b cb ||||| |||| 00| 0 eng d
020 _a9780859538466
040 _aFISKH
_beng
_cFISKH
_dFISKH
050 _aPZ8.K942 I
082 _a782.42164
100 _aKubler, Annie
245 _aIf you're happy and you know it /
_cillustrated by Annie Kubler
260 _aSydney :
_bChild's play,
_c2001
300 _a12 unnumbered pages :
_bcolor illustrations ;
_c22 cm
505 _aNP
520 _aThe words to a familiar nursery song encourage babies and their parents to have fun together.
650 _aSongs & Nursery Rhymes
_vphysical development
942 _2ddc
_cBK
_n0
999 _c6772
_d6772